Continuación del Almacén de frutos literarios o Semanario de obras inéditas. (Record no. 168801)
[ view plain ]
| 000 -LEADER | |
|---|---|
| campo de control de longitud fija | 00777nas a2200217 i 4500 |
| 001 - NÚMERO DE CONTROL | |
| campo de control | 168801 |
| 003 - IDENTIFICADOR DE NÚMERO DE CONTROL | |
| campo de control | ES-MaACL |
| 005 - FECHA Y HORA DE LA ÚLTIMA TRANSACCIÓN | |
| campo de control | 20250802062538.0 |
| 008 - DATOS DE LONGITUD FIJA--INFORMACIÓN GENERAL | |
| campo de control de longitud fija | 080610d18181819sp | | ||pa d |
| 245 00 - MENCIÓN DEL TÍTULO | |
| Título | Continuación del Almacén de frutos literarios o Semanario de obras inéditas. |
| 260 ## - PUBLICACIÓN, DISTRIBUCIÓN, ETC. | |
| Lugar de publicación, distribución, etc. | Madrid : [s.n.], |
| Fecha de publicación, distribución, etc. | 1818-1819 ( |
| Fabricante | Imp. Repullés) |
| 300 ## - DESCRIPCIÓN FÍSICA | |
| Extensión | 8 tomos en 4 v. ; |
| Dimensiones | 21 cm. |
| 310 ## - PERIODICIDAD ACTUAL | |
| Periodicidad actual | Semanal |
| 362 0# - FECHAS DE PUBLICACIÓN Y/O DESIGNACIÓN SECUENCIAL | |
| Fecha de publicación y/o designación secuencial | T. 1, [n. 1]-t. 8, n. 48 (5 jul. 1819) |
| 530 ## - NOTA DISPONIBLE DE FORMULARIO FÍSICO ADICIONAL | |
| Nota de formato físico adicional disponible | Disponible en formato digital. |
| 650 #7 - PUNTO DE ACCESO ADICIONAL DE MATERIA--TÉRMINO DE MATERIA | |
| Término de materia o nombre geográfico como elemento de entrada | Literatura |
| Fuente del encabezamiento o término | embne |
| 9 (RLIN) | 141583 |
| 780 00 - ENLACE A UN TÍTULO/ENTRADA ANTERIOR | |
| Título | Almacén de frutos literarios o Semanario de obras inéditas |
| 852 ## - LOCALIZACIÓN | |
| Ubicación | ES-MaACL |
| Número de control de estantería | B-1998-2001 |
| 856 ## - LOCALIZACIÓN Y ACCESO ELECTRÓNICOS | |
| Identificador Uniforme de Recursos | <a href="http://hemerotecadigital.bne.es/issn/2481-6744 ">http://hemerotecadigital.bne.es/issn/2481-6744 </a> |
| Nota pública | Hemeroteca Digital |
| Estatus retirado | Estado de pérdida | Estado de daño | No para préstamo | Colección | Biblioteca de origen | Biblioteca actual | Ubicación en estantería | Fecha de adquisición | Fuente de adquisición | Total de préstamos | Signatura topográfica completa | Código de barras | Visto por última vez | Precio de reemplazo | Tipo de ítem Koha |
|---|---|---|---|---|---|---|---|---|---|---|---|---|---|---|---|
| Colección digital | Biblioteca del Ateneo de Madrid | Biblioteca del Ateneo de Madrid | Sala Pardo Bazán | 10/06/2008 | B-1998-2001 | 1177144 | 23/02/2023 | 23/02/2023 | Revista |
